Modelamiento y optimización dinámica de procesos criogénicos de separación /
Guardado en:
| Otros Autores: | |
|---|---|
| Formato: | Manuscrito |
| Idioma: | Spanish |
| Publicado: |
2009.
|
| Materias: | |
| Etiquetas: |
Agregar Etiqueta
Sin Etiquetas, Sea el primero en etiquetar este registro!
|
| LEADER | 01013ntm a22002175a 4500 | ||
|---|---|---|---|
| 001 | EIQ.libpla004321 | ||
| 008 | 121218s2009####xx#######bm###000#0#spa#d | ||
| 005 | 20121218141752.0 | ||
| 245 | 1 | 0 | |a Modelamiento y optimización dinámica de procesos criogénicos de separación / |c Mariela Alejandra Rodríguez. |
| 260 | |c 2009. | ||
| 300 | |a xxvi, 186 p. ; |c 21 cm. | ||
| 502 | |a Tesis (doctorado)--Universidad Nacional del Sur. Departamento de Ingeniería Química, 2009. | ||
| 500 | |a Director de tesis: Dra. María Soledad Díaz y Dra. Patricia Mónica Hoch. | ||
| 530 | |a Disponible también en formato digital | ||
| 504 | |a Incluye referencias bibliográficas. | ||
| 100 | 1 | |a Rodríguez, Mariela Alejandra. |4 dis | |
| 710 | 2 | |a Universidad Nacional del Sur. Departamento de Ingeniería Química |4 dgg. | |
| 082 | 0 | 4 | |a 660.2815 |2 21 |
| 650 | 7 | |a Procesos de separación |x Criogenia |x Optimización dinámica | |
| 650 | 7 | |a Separation processes |x Cryogenics |x Dynamic optimization | |
| 859 | |a AR-BbSID |b BIB. PLAPIQUI |h 660.2815 |i R618 |p 6152 | ||
